دور الإشاعة و الغزو الثقافي في استهداف الإسلام / (Record no. 128239)

MARC details
000 -LEADER
fixed length control field 00621nam a22002057a 4500
005 - DATE AND TIME OF LATEST TRANSACTION
control field 20251108175204.0
008 - FIXED-LENGTH DATA ELEMENTS--GENERAL INFORMATION
fixed length control field 250721s2014 xx 000 0 ara d
082 14 - DEWEY DECIMAL CLASSIFICATION NUMBER
Classification number 218.621/عثم
100 1# - MAIN ENTRY--PERSONAL NAME
Personal name عثمان، رقية فيصل
245 10 - TITLE STATEMENT
Title دور الإشاعة و الغزو الثقافي في استهداف الإسلام /
264 1# - PRODUCTION, PUBLICATION, DISTRIBUTION, MANUFACTURE, AND COPYRIGHT NOTICE
Place of production, publication, distribution, manufacture عمان :
Name of producer, publisher, distributor, manufacturer المؤلف،
Date of production, publication, distribution, manufacture, or copyright notice 2014.
300 ## - PHYSICAL DESCRIPTION
Extent 226 ص.
650 17 - SUBJECT ADDED ENTRY--TOPICAL TERM
Topical term or geographic name as entry element الغزو الفكري
650 17 - SUBJECT ADDED ENTRY--TOPICAL TERM
Topical term or geographic name as entry element الوعظ و الإرشاد
650 17 - SUBJECT ADDED ENTRY--TOPICAL TERM
Topical term or geographic name as entry element التاريخ
650 17 - SUBJECT ADDED ENTRY--TOPICAL TERM
Topical term or geographic name as entry element الإسلام
653 ## - INDEX TERM--UNCONTROLLED
Uncontrolled term الإشاعة
942 ## - ADDED ENTRY ELEMENTS (KOHA)
Source of classification or shelving scheme Dewey Decimal Classification
Koha item type Books
Holdings
حالة السحب حالة الفقدان مصدر التصنيف حالة التلف غير قابل للإعارة المكتبة الرئيسية المكتبة الحالية موقع الرف تاريخ التزويد الرقم المتسلسل Total Checkouts رقم الإستدعاء الباركود تاريخ آخر ظهور تاريخ الفاتورة نوع المادة (كوها)
    Dewey Decimal Classification     المكتبة المركزية المكتبة المركزية الإعارة 28/07/2025 1566434   218.621/عثم PLD00292126 28/07/2025 28/07/2025 Books
    Dewey Decimal Classification     المكتبة المركزية المكتبة المركزية مقتنيات قسم التزويد 28/07/2025 1566437   218.621/عثم   28/07/2025 28/07/2025 Books
    Dewey Decimal Classification     المكتبة المركزية المكتبة المركزية مقتنيات قسم التزويد 28/07/2025 1566435   218.621/عثم   28/07/2025 28/07/2025 Books
    Dewey Decimal Classification     المكتبة المركزية المكتبة المركزية مقتنيات قسم التزويد 28/07/2025 1566436   218.621/عثم   28/07/2025 28/07/2025 Books
    Dewey Decimal Classification     مكتبة أبو علندا العامة مكتبة أبو علندا العامة الإعارة 26/01/2014 1566448   218.621/عثم PLD00292387 28/07/2025 26/01/2014 Books
    Dewey Decimal Classification     مكتبة أم قصير والمقابلين العامة مكتبة أم قصير والمقابلين العامة الإعارة 26/01/2014 1566445   218.621/عثم PLD00292384 28/07/2025 26/01/2014 Books
    Dewey Decimal Classification     مكتبة الاميرة بديعة مكتبة الاميرة بديعة الإعارة 26/01/2014 1566441   218.621/عثم PLD00292380 28/07/2025 26/01/2014 Books
    Dewey Decimal Classification     مكتبة الجويدة مكتبة الجويدة الإعارة 26/01/2014 1566443   218.621/عثم PLD00292382 28/07/2025 26/01/2014 Books
    Dewey Decimal Classification     مكتبة الحسن العامة مكتبة الحسن العامة الإعارة 26/01/2014 1566440   218.621/عثم PLD00292378 28/07/2025 26/01/2014 Books
    Dewey Decimal Classification     مكتبة النصر العامة مكتبة النصر العامة الإعارة 26/01/2014 1566442   218.621/عثم PLD00292381 28/07/2025 26/01/2014 Books
    Dewey Decimal Classification     مكتبة حمزة العامة مكتبة حمزة العامة الإعارة 26/01/2014 1566446   218.621/عثم PLD00292385 28/07/2025 26/01/2014 Books
    Dewey Decimal Classification     مكتبة وادي السير العامة مكتبة وادي السير العامة الإعارة 26/01/2014 1566447   218.621/عثم PLD00292386 28/07/2025 26/01/2014 Books
    Dewey Decimal Classification     مكتبةمؤتة مكتبةمؤتة الإعارة 26/01/2014 1566444   218.621/عثم PLD00292383 28/07/2025 26/01/2014 Books
Implemented & Customized by: BBB with SCIT (Smart Chains for Information Technology)

Powered by Koha